LAUTECH

Fundamental Nursing Skills. (Record no. 34937)

MARC details
000 -LEADER
fixed length control field 00225nam a2200097Ia 4500
008 - FIXED-LENGTH DATA ELEMENTS--GENERAL INFORMATION
fixed length control field 120527s9999 xx 000 0 und d
100 ## - MAIN ENTRY--AUTHOR
Author PRUTKIN,Jordan
245 ## - TITLE STATEMENT
Title Fundamental Nursing Skills.
260 ## - PUBLICATION, DISTRIBUTION, ETC. (IMPRINT)
Name of publisher Whurr.
942 ## - ADDED ENTRY ELEMENTS (KOHA)
Item type Books

No items available.